Average efficiency factors and adjusted orthogonality in multidimensional designs.

Stanovenie hornej hranice faktora priemernej efektívnosti spojeného viacrozmerného návrhu. Faktor priemernej efektívnosti návrhu s upravenou ortogonálnosťou je jednoduchou funkciou faktorov priemernej efketívnosti komponentov.

Gespeichert in:
Bibliographische Detailangaben
1. Verfasser: Park, D.K
Weitere Verfasser: Dean, A.M
Format: Buchkapitel
Sprache:Englisch
Schlagworte:
Tags: Tag hinzufügen
Keine Tags, Fügen Sie das erste Tag hinzu!

MARC

LEADER 00000naa a2200000 4500
001 r006175
005 20220819193712.3
041 0 |a eng 
044 |a GB 
245 1 0 |a Average efficiency factors and adjusted orthogonality in multidimensional designs.  |c D.K. Park, A.M. Dean 
520 |a Stanovenie hornej hranice faktora priemernej efektívnosti spojeného viacrozmerného návrhu. Faktor priemernej efektívnosti návrhu s upravenou ortogonálnosťou je jednoduchou funkciou faktorov priemernej efketívnosti komponentov. 
610 2 0 |a metódy matematicko-štatistické 
610 2 0 |a efektívnosť 
100 1 |a Park, D.K. 
700 1 |a Dean, A.M.